| 000 | 00703cam a22002413a 4500 | ||
|---|---|---|---|
| 001 | 19309 | ||
| 003 | PGUSA | ||
| 005 | 20140828083417.0 | ||
| 008 | 060917s2006||||xxu|||||s|||||000 | eng d | ||
| 040 |
_aPGUSA _beng |
||
| 042 | _adc | ||
| 050 | 4 | _aQB | |
| 100 | 1 |
_aNewcomb, Simon, _d1835-1909 |
|
| 245 | 1 | 4 |
_aThe Reminiscences of an Astronomer _h[electronic resource] / _cSimon Newcomb |
| 260 |
_bProject Gutenberg, _c2006 |
||
| 506 | _aPublic domain in the USA. | ||
| 516 | _aElectronic text | ||
| 653 | _aAstronomers -- United States -- Biography | ||
| 653 | _aNewcomb, Simon, 1835-1909 | ||
| 830 | 0 |
_aProject Gutenberg _v19309 |
|
| 856 | 4 | 0 | _uhttp://www.gutenberg.org/ebooks/19309 |
| 942 | _cEB | ||
| 999 |
_c248564 _d248564 |
||